000 00597nam a2200169 a 4500
001 000013438
003 DO-SdBNP
005 20210601170017.0
008 091124s1967 dr 001 0 spa d
040 _aDO-SdBNP
_bspa
_cBNPHU
049 _aBNPD
082 _axxxx
_bD611p
245 0 0 _aDiscurso pronunciado por el exelentícimo Señor Presidente de la República Dr. Joaquín Balaguer, el 20 de noviembre de 1967, en el Palacio Nacional /.
260 _aSanto Domingo :
_bDirección General de Información y Prensa de la Presidencia,
_c1967.
300 _a19 p. ;
_c22 cm.
942 _2ddc
_cLBS1
999 _c13064
_d13064